000 00974cam a2200301 4500
001 26704
003 BD-RjUL
005 20211209051044.0
008 140323s1972 caua b 001 0 eng
020 _a0716708604
_a0716708590 (pbk.)
035 _a(BD-RjUL)26774
040 _aDLC
_cDLC
_dDLC
_beng
041 _aeng
082 0 0 _a913.031
_bOLD 1972
245 0 0 _aOld World archaeology: foundations of civilization :
_breadings from Scientific American /
_cWith introductions by C. C. Lamberg-Karlovsky.
260 _aSan Francisco :
_bW. H. Freeman,
_c1972
300 _a260 p. :
_billus. ;
_c29 cm.
350 _a$10.00
504 _aIncludes index
650 0 _aPrehistoric peoples.
_982053
650 0 _aPrehistoric peoples
_zMiddle East.
_982054
651 0 _aMiddle East
_xAntiquities.
_966124
700 2 _aLamberg-Karlovsky, C. C.,
_d1937-
_982055
730 _aScientific American.
_982060
942 _2ddc
_cBK
999 _c26704
_d26704